Central Library OPAC University of Rajshahi

The Theory of Political Economy / (Record no. 86622)

MARC details
000 -LEADER
fixed length control field 00607nam a2200217 a 4500
001 - CONTROL NUMBER
control field 86622
003 - CONTROL NUMBER IDENTIFIER
rucl marc code BD-RjUL
005 - DATE AND TIME OF LATEST TRANSACTION
control field 20260702110243.0
008 - FIXED-LENGTH DATA ELEMENTS--GENERAL INFORMATION
fixed length control field 260702s1888 enk||||| |||| 00| 0 eng d
035 ## - SYSTEM CONTROL NUMBER
System control number (BD-RjUL)86622
040 ## - CATALOGING SOURCE
Original cataloging agency BD-RjUL
Language of cataloging eng
Transcribing agency BD-RjUL
041 ## - LANGUAGE CODE
Language code of text/sound track or separate title eng
082 ## - DEWEY DECIMAL CLASSIFICATION NUMBER
Classification number 330.1
Author mark and year JET 1888
100 ## - MAIN ENTRY--PERSONAL NAME
Personal name Jevons, William Stanley
9 (RLIN) 18782
245 ## - TITLE STATEMENT
Title The Theory of Political Economy /
Statement of responsibility, etc. William Stanley Jevons
260 ## - PUBLICATION, DISTRIBUTION, ETC. (IMPRINT)
Place of publication, distribution, etc. London :
Name of publisher, distributor, etc. Macmillan and Co.,
Date of publication, distribution, etc. 1888
300 ## - PHYSICAL DESCRIPTION
Pagination 296 p.:
Illustrations ill.;
Size 23 cm.
600 ## - SUBJECT ADDED ENTRY--PERSONAL NAME
Personal name Economics
650 ## - SUBJECT ADDED ENTRY--TOPICAL TERM
Topical term or geographic name as entry element Political economy
9 (RLIN) 18784
942 ## - ADDED ENTRY ELEMENTS (KOHA)
Source of classification or shelving scheme Dewey Decimal Classification
Koha item type Books
Holdings
Lost status Source of classification or shelving scheme Damaged status Not for loan Collection code Permanent Location Current Location Shelving location Date acquired Total Checkouts Full call number Date last seen Copy number Koha item type
  Dewey Decimal Classification   Not For Loan Non-fiction Central Library, University of Rajshahi Central Library, University of Rajshahi Reading Room 09/11/1961   330.1 JET 1888 02/07/2026 C-1 Books